Parole Héléna Mélatonine - Statistiques

Statistiques générales
  • Ce quiz a été pris 154 fois
  • Le résultat moyen est 218 sur 261
Statistiques - réponses
Réponse % Correct
à
100%
a
100%
me
100%
si
99%
de
98%
je
98%
la
98%
le
96%
qui
96%
ça
95%
et
95%
Mélatonine
95%
nuit
95%
plus
95%
ce
94%
demande
94%
maman
94%
s'inquiète
94%
s'inquiéte
94%
y
94%
j'dors
92%
mon
92%
tête
92%
une
92%
amie
91%
pour
91%
fait
89%
m'aime
89%
tourner
89%
tout
89%
des
88%
que
88%
les
87%
on
86%
tu
85%
bonnes
84%
coeur
84%
demain
84%
raisons
84%
suis
84%
inconnue
82%
j'pense
82%
comme
81%
encore
81%
fort
81%
m'écouteras
81%
pas
81%
questions
81%
ceux
80%
redeviendrai
80%
venue
80%
vite
80%
avec
79%
doigts
79%
leurs
79%
deux
78%
ira
76%
dis
75%
j'pose
75%
cette
74%
chanson
74%
j'hésite
74%
bras
73%
coeurs
73%
m'aiment
73%
ces
72%
sens
72%
j'ai
71%
j'cogite
71%
j'sais
71%
m'font
71%
ou
71%
sur
71%
nouveau
69%
chanter
68%
m'arrive
68%
j'partirai
67%
ola
67%
c'est
66%
ivre
66%
mais
66%
gens
65%
bu
64%
goutte
64%
merité
63%
est-ce
61%
propose
61%
regard
61%
amis.
59%
famille
59%
ne
59%
quoi
58%
sais
58%
vivre
58%
yeux
58%
faire
57%
brillent
56%
concerts
56%
s'tatouent
55%
vide
55%
d'après
54%
l'instant
54%
drôle
48%
l'amour
47%
j'dérive
46%
brol
40%
hmm
28%
m'fait
28%
touner
3%
Aucun quiz correspondant
Distribution des résultats
% des personnes avec chaque résultat
Percentile par nombre de réponses
Votre historique - résultats
Vous n’avez pas pris ce quiz